000 00233nam a22000977a 4500
008 180802b xxu||||| |||| 00| 0 eng d
082 _a813.52
245 _aAmbrose Video Publishing
_cTroilus
300 _a1
_fCassette
942 _2ddc
_cMX
999 _c46741
_d46741